000 00468nam a22001577a 4500
008 170701s2015 gt||||| |||| 00| 0 spa d
082 0 4 _a861
_bC416c
100 1 _aKique.
_95848
245 1 0 _aCero /
_cKique.
250 _a1a edición.
260 _aGuatemala :
_bNada Editores ; Ediciones bizarras,
_c2015.
300 _a22 páginas :
_bilustraciones,
_e+ 1 CD-ROOM.
653 1 0 _aLiteratura Latinoamericana
653 1 0 _aPoesía - Arte
653 1 0 _aPoesía - Guatemala
999 _c1216
_d1216